[Event "Titled Tuesday intern op 16th Apr Early"]
[Site "Chess.com INT"]
[Date "2024.04.16"]
[Round "8"]
[White "Estrada Nieto, Julian"]
[Black "Tharushi, THD Niklesha"]
[Result "0-1"]
[WhiteElo "2195"]
[BlackElo "1732"]
[PlyCount "118"]
[EventDate "2024.04.16"]
[EventType "swiss (blitz)"]
[EventRounds "11"]
[EventCountry "USA"]
[SourceTitle "CB17_2024"]
[SourceDate "2024.04.24"]
[SourceVersion "1"]
[SourceVersionDate "2024.04.24"]
[SourceQuality "1"]

1. e4 c5 2. Nf3 e6 3. c3 d5 4. exd5 Qxd5 5. d4 Nf6 6. Na3 a6 7. Nc4 Nbd7 8. a4 Rb8 9. a5 b5 10. axb6 Nxb6 11. Nxb6 Rxb6 12. Be2 Bb7 13. 0-0 Bd6 14. c4 Qc6 15. Qa4 Qxa4 16. Rxa4 Bxf3 17. Bxf3 cxd4 18. c5 Bxc5 19. Rc4 Nd7 20. Bd2 Rxb2 21. Ba5 Rb5 22. Bc7 Ke7 23. Bc6 Rb4 24. Rcc1 Bd6 25. Ba5 Rb2 26. Rfd1 Ne5 27. Be4 Bc5 28. Rxc5 Nd7 29. Rc7 e5 30. Bc6 Rd8 31. Bxd7 Rxd7 32. Rxd7+ Kxd7 33. f4 f6 34. fxe5 fxe5 35. Re1 Rb5 36. Bd2 a5 37. Ra1 e4 38. Bxa5 Rb2 39. Kf1 Ke6 40. Be1 Kf5 41. Ra5+ Kf4 42. Ra7 g5 43. Rf7+ Ke3 44. Rf2 Rb1 45. Re2+ Kd3 46. Rd2+ Ke3 47. Re2+ Kf4 48. Rf2+ Ke5 49. Rf8 d3 50. Re8+ Kd4 51. Rd8+ Ke3 52. Rd7 h5 53. g3 Rb2 54. Rd6 Rxh2 55. Rd7 Rh1+ 56. Kg2 Rxe1 57. Re7 Re2+ 58. Kh3 d2 59. Rd7 Re1 0-1

[Event "Titled Tuesday intern op 16th Apr Early"]
[Site "Chess.com INT"]
[Date "2024.04.16"]
[Round "7"]
[White "Tharushi, THD Niklesha"]
[Black "Womacka, Mathias"]
[Result "1-0"]
[WhiteElo "1732"]
[BlackElo "2359"]
[PlyCount "113"]
[EventDate "2024.04.16"]
[EventType "swiss (blitz)"]
[EventRounds "11"]
[EventCountry "USA"]
[SourceTitle "CB17_2024"]
[SourceDate "2024.04.24"]
[SourceVersion "1"]
[SourceVersionDate "2024.04.24"]
[SourceQuality "1"]

1. e4 c5 2. Nf3 d6 3. Bb5+ Nd7 4. 0-0 a6 5. Bxd7+ Bxd7 6. c3 Nf6 7. Re1 Bc6 8. Qc2 Rc8 9. d3 g6 10. Bg5 Bg7 11. Nbd2 h6 12. Bh4 0-0 13. e5 dxe5 14. Nxe5 Re8 15. Nxc6 Rxc6 16. Nc4 Qd5 17. Re5 Qd7 18. Rae1 b5 19. Nd2 e6 20. Nf3 Nh5 21. Rxh5 gxh5 22. Ne5 Bxe5 23. Rxe5 f5 24. Qe2 Rd6 25. Qxh5 Qf7 26. Qf3 Rd5 27. Re3 Kh7 28. h3 Rg8 29. Bg3 Qd7 30. Kh2 b4 31. c4 Rd4 32. Be5 f4 33. Bxd4 fxe3 34. Qe4+ Rg6 35. Bxe3 Qf7 36. Bxc5 Qf5 37. Qxf5 exf5 38. Bxb4 Re6 39. d4 Re2 40. Bc3 Rxf2 41. d5 Kg6 42. c5 Kf7 43. d6 Ke6 44. Kg3 Rc2 45. Kf4 Rxg2 46. a3 Rc2 47. Bb4 Rxb2 48. c6 Rc2 49. d7 Rc4+ 50. Ke3 Re4+ 51. Kd3 Re5 52. Kc3 Rd5 53. Kc4 Rd1 54. Kb3 f4 55. Ba5 f3 56. Bb6 Rd6 57. c7 1-0

[Event "Titled Tuesday intern op 16th Apr Early"]
[Site "Chess.com INT"]
[Date "2024.04.16"]
[Round "6"]
[White "Tharushi, THD Niklesha"]
[Black "Zujev, Oleg"]
[Result "0-1"]
[WhiteElo "1732"]
[BlackElo "2263"]
[PlyCount "126"]
[EventDate "2024.04.16"]
[EventType "swiss (blitz)"]
[EventRounds "11"]
[EventCountry "USA"]
[SourceTitle "CB17_2024"]
[SourceDate "2024.04.24"]
[SourceVersion "1"]
[SourceVersionDate "2024.04.24"]
[SourceQuality "1"]

1. e4 c6 2. Nc3 d5 3. Nf3 Bg4 4. h3 Bxf3 5. Qxf3 e6 6. exd5 cxd5 7. Bb5+ Nc6 8. d3 Nf6 9. Bg5 Be7 10. g4 0-0 11. h4 Nd4 12. Qd1 Nxb5 13. Nxb5 Qa5+ 14. Nc3 d4 15. Bd2 dxc3 16. Bxc3 Qd5 17. f3 Nxg4 18. Qe2 Bf6 19. Bxf6 Nxf6 20. 0-0-0 Qxa2 21. Qe5 Qd5 22. Qc3 Rac8 23. Qd2 Qa2 24. Qb4 Nd5 25. Qd4 Qa1+ 26. Kd2 Qa5+ 27. c3 Qb6 28. Qxb6 axb6 29. Rhg1 h5 30. Rg5 g6 31. Rdg1 b5 32. Rxh5 Kg7 33. Rhg5 Rh8 34. h5 Rh6 35. b3 Kf6 36. c4 bxc4 37. bxc4 Nf4 38. hxg6 Rxg6 39. Rxg6+ Nxg6 40. Rb1 Rc7 41. Ke3 Ke5 42. d4+ Kd6 43. Rb6+ Kd7 44. c5 Ne7 45. Ke4 Nd5 46. Rd6+ Ke7 47. f4 Rc8 48. f5 Rh8 49. fxe6 fxe6 50. Ke5 Rh5+ 51. Ke4 Rg5 52. Kd3 Rg4 53. Kc4 Rh4 54. Kd3 Rh3+ 55. Kc4 Rc3+ 56. Kb5 Rd3 57. Kc4 Rd2 58. Kb5 Rxd4 59. Ka5 Rd1 60. Kb5 Nc7+ 61. Kb6 Rxd6+ 62. cxd6+ Kxd6 63. Kxb7 e5 0-1

[Event "SRI-ch (Women)"]
[Site "Colombo"]
[Date "2024.03.29"]
[Round "9"]
[White "Tharushi, THD Niklesha"]
[Black "Gunawardhana, Devindya Oshini"]
[Result "0-1"]
[WhiteElo "1732"]
[BlackElo "1883"]
[PlyCount "86"]
[EventDate "2024.03.22"]
[EventType "tourn"]
[EventRounds "13"]
[EventCountry "SRI"]
[SourceTitle "CB15_2024"]
[SourceDate "2024.04.10"]
[SourceVersion "1"]
[SourceVersionDate "2024.04.10"]
[SourceQuality "1"]

1. Nf3 Nf6 2. c4 Nc6 3. d4 e6 4. a3 d5 5. Nc3 Be7 6. e3 0-0 7. b3 b6 8. Bd3 Na5 9. cxd5 exd5 10. Ne5 c5 11. 0-0 Bb7 12. Bb2 Bd6 13. f4 cxd4 14. exd4 Nc6 15. Ne2 Ne4 16. Bxe4 dxe4 17. Ng3 Ne7 18. Qe1 f5 19. Rc1 Nd5 20. Qe2 Qe8 21. b4 a6 22. Qd2 Qa4 23. Ne2 Qe8 24. Nc3 Nf6 25. Nc4 Bc7 26. Ne3 Qd7 27. g3 Rad8 28. Rfd1 h6 29. Qg2 Kh7 30. a4 g5 31. Qh3 Kg6 32. Nc4 Ng4 33. Qg2 gxf4 34. gxf4 Kh7 35. Ne5 Bxe5 36. dxe5 Qe7 37. Qe2 Rg8 38. Rxd8 Qxd8 39. Kf1 Qh4 40. Rc2 Qh3+ 41. Ke1 Ne3 42. Nxe4 Nxc2+ 43. Qxc2 Qe3+ 0-1

[Event "SRI-ch (Women)"]
[Site "Colombo"]
[Date "2024.03.24"]
[Round "5"]
[White "Ekaratne, Chenaya"]
[Black "Tharushi, THD Niklesha"]
[Result "0-1"]
[WhiteElo "1623"]
[BlackElo "1732"]
[PlyCount "95"]
[EventDate "2024.03.22"]
[EventType "tourn"]
[EventRounds "13"]
[EventCountry "SRI"]
[SourceTitle "CB15_2024"]
[SourceDate "2024.04.10"]
[SourceVersion "1"]
[SourceVersionDate "2024.04.10"]
[SourceQuality "1"]

1. d4 Nf6 2. c4 e6 3. Bf4 b6 4. Nc3 Bb4 5. f3 Nh5 6. Be3 Bxc3+ 7. bxc3 Ba6 8. Qa4 0-0 9. Bf2 f5 10. e3 d6 11. f4 Qe8 12. Qxe8 Rxe8 13. Nf3 Nc6 14. 0-0-0 Na5 15. Nd2 Nf6 16. g3 Bb7 17. Rg1 Ng4 18. Be1 Nxe3 19. Nb3 Nxb3+ 20. axb3 Nxd1 21. Kxd1 a5 22. Kc2 a4 23. b4 a3 24. Kb1 c5 25. Ka2 Rec8 26. Bf2 cxb4 27. cxb4 b5 28. Be1 Bd5 29. cxd5 Rc2+ 30. Ka1 Rc1+ 31. Ka2 Rxe1 32. dxe6 d5 33. e7 Kf7 34. Bc4 Rxg1 35. Bxd5+ Kxe7 36. Bxa8 Rd1 37. Bc6 Rxd4 38. Bxb5 Rxb4 39. Bd3 g6 40. Kxa3 Rd4 41. Bf1 Rd1 42. Be2 Rd2 43. Bc4 Rxh2 44. Kb3 Rh3 45. Kc2 Rxg3 46. Kd2 Rf3 47. Ke2 Rxf4 48. Kd3 0-1

[Event "Titled Tuesday intern op 13th Feb Early"]
[Site "Chess.com INT"]
[Date "2024.02.13"]
[Round "9"]
[White "Buscar, Michael"]
[Black "Tharushi, THD Niklesha"]
[Result "1-0"]
[WhiteElo "2041"]
[BlackElo "1539"]
[PlyCount "59"]
[EventDate "2024.02.13"]
[EventType "swiss (blitz)"]
[EventRounds "11"]
[EventCountry "USA"]
[SourceTitle "CB08_2024"]
[SourceDate "2024.02.21"]
[SourceVersion "1"]
[SourceVersionDate "2024.02.21"]
[SourceQuality "1"]

1. Nf3 Nf6 2. b3 b5 3. Bb2 Bb7 4. e3 e6 5. Bxb5 a6 6. Be2 Be7 7. c4 d6 8. d3 Nbd7 9. Nbd2 Kf8 10. 0-0 h6 11. a3 Kg8 12. b4 Kh7 13. e4 Rg8 14. Qc2 g5 15. d4 Kh8 16. e5 dxe5 17. Nxe5 Nxe5 18. dxe5 Nh7 19. Rad1 Qe8 20. Bh5 Nf8 21. Ne4 Ng6 22. Nd6 cxd6 23. exd6+ f6 24. dxe7 Kh7 25. Bxf6 Rc8 26. Rd8 Qc6 27. Bf3 Qc7 28. Bxb7 Qxb7 29. Rfd1 h5 30. R1d7 1-0

[Event "Titled Tuesday intern op 13th Feb Early"]
[Site "Chess.com INT"]
[Date "2024.02.13"]
[Round "6"]
[White "Dmitrenko, Viktor"]
[Black "Tharushi, THD Niklesha"]
[Result "1-0"]
[WhiteElo "2395"]
[BlackElo "1539"]
[PlyCount "53"]
[EventDate "2024.02.13"]
[EventType "swiss (blitz)"]
[EventRounds "11"]
[EventCountry "USA"]
[SourceTitle "CB08_2024"]
[SourceDate "2024.02.21"]
[SourceVersion "1"]
[SourceVersionDate "2024.02.21"]
[SourceQuality "1"]

1. e4 c5 2. Nf3 a6 3. c3 d5 4. exd5 Qxd5 5. d4 e6 6. Be3 cxd4 7. cxd4 Bb4+ 8. Nc3 Nc6 9. Bd3 Nf6 10. 0-0 Qh5 11. a3 Bd6 12. Re1 b5 13. Ne4 Nxe4 14. Bxe4 Bb7 15. Rc1 Rc8 16. Ne5 Bxe5 17. Qxh5 Bf6 18. d5 Ne5 19. Rxc8+ Bxc8 20. dxe6 Bxe6 21. Bc5 Bg4 22. Bc6+ Kd8 23. Bb6+ Kc8 24. Qxe5 Bxe5 25. Rxe5 Bd7 26. Bf3 Be6 27. h3 1-0

[Event "Titled Tuesday intern op 13th Feb Early"]
[Site "Chess.com INT"]
[Date "2024.02.13"]
[Round "7"]
[White "Tharushi, THD Niklesha"]
[Black "Vivas Zamora, Fabian Ernesto"]
[Result "0-1"]
[WhiteElo "1539"]
[BlackElo "2388"]
[PlyCount "58"]
[EventDate "2024.02.13"]
[EventType "swiss (blitz)"]
[EventRounds "11"]
[EventCountry "USA"]
[SourceTitle "CB08_2024"]
[SourceDate "2024.02.21"]
[SourceVersion "1"]
[SourceVersionDate "2024.02.21"]
[SourceQuality "1"]

1. e4 e5 2. Nf3 Nc6 3. Bc4 Nf6 4. d3 Bc5 5. c3 0-0 6. h3 h6 7. g4 d5 8. exd5 Nxd5 9. Nbd2 Nb6 10. Bb3 Qxd3 11. Bc2 Qd8 12. Qe2 Nd5 13. Ne4 Bb6 14. c4 Ndb4 15. Bb1 f5 16. a3 fxe4 17. Qxe4 Qf6 18. 0-0 Qxf3 19. Qh7+ Kf7 20. Bg6+ Kf6 21. axb4 Qg3+ 22. Kh1 Qxh3+ 23. Kg1 Qxg4+ 24. Kh1 Qf3+ 25. Kg1 Bh3 26. Be4 Qg4+ 27. Kh2 Bxf1 28. Ra3 Bxf2 29. Rf3+ Ke7 0-1

[Event "Titled Tuesday intern op 06th Feb Early"]
[Site "Chess.com INT"]
[Date "2024.02.06"]
[Round "4"]
[White "Ahmad, Khagan"]
[Black "Tharushi, THD Niklesha"]
[Result "1-0"]
[WhiteElo "2317"]
[BlackElo "1539"]
[PlyCount "53"]
[EventDate "2024.02.06"]
[EventType "swiss (blitz)"]
[EventRounds "11"]
[EventCountry "USA"]
[SourceTitle "CB07_2024"]
[SourceDate "2024.02.14"]
[SourceVersion "1"]
[SourceVersionDate "2024.02.14"]
[SourceQuality "1"]

1. Nf3 Nf6 2. c4 e6 3. g3 b6 4. Bg2 Bb7 5. 0-0 Be7 6. Nc3 d6 7. Re1 Nbd7 8. e4 0-0 9. d4 c5 10. b3 cxd4 11. Qxd4 Ne8 12. Qd2 Nc5 13. Bb2 Bf6 14. Nd4 Bxd4 15. Qxd4 Qf6 16. Qd2 Qg6 17. Rad1 Rd8 18. Qd4 Nf6 19. b4 e5 20. Qe3 Ne6 21. Nb5 Ng4 22. Qf3 Qh5 23. h3 Nf6 24. Qxh5 Nxh5 25. Nxd6 Bc6 26. Nf5 f6 27. Ne7+ 1-0

[Event "Titled Tuesday intern op 06th Feb Early"]
[Site "Chess.com INT"]
[Date "2024.02.06"]
[Round "3"]
[White "Mammadzada, Gunay Vuqar Qizi"]
[Black "Tharushi, THD Niklesha"]
[Result "0-1"]
[WhiteElo "2449"]
[BlackElo "1539"]
[PlyCount "78"]
[EventDate "2024.02.06"]
[EventType "swiss (blitz)"]
[EventRounds "11"]
[EventCountry "USA"]
[SourceTitle "CB07_2024"]
[SourceDate "2024.02.14"]
[SourceVersion "1"]
[SourceVersionDate "2024.02.14"]
[SourceQuality "1"]

1. Nf3 Nf6 2. g3 b5 3. Bg2 Bb7 4. 0-0 e6 5. a4 b4 6. b3 a5 7. Bb2 Be7 8. d3 d6 9. e4 Nbd7 10. Nbd2 0-0 11. Qe2 Re8 12. Rae1 Ng4 13. Nd4 Nge5 14. f4 Nc6 15. Nxc6 Bxc6 16. Rf2 Bf6 17. e5 Bxg2 18. exf6 Bb7 19. fxg7 c5 20. Ne4 Qc7 21. Qh5 Qc6 22. Rf3 f6 23. g4 Re7 24. Rh3 Rxg7 25. Bxf6 Nxf6 26. Nxf6+ Kf8 27. Nxh7+ Rxh7 28. Re4 Rxh5 29. Rxh5 Ke7 30. Rh7+ Kd8 31. g5 Kc8 32. g6 Kb8 33. Rh8+ Ka7 34. Rxa8+ Bxa8 35. Kf2 Qe8 36. Re3 Qxg6 37. Rg3 Qh6 38. Ke3 Qxh2 39. Rg7+ Kb6 0-1

[Event "Titled Tuesday intern op 06th Feb Early"]
[Site "Chess.com INT"]
[Date "2024.02.06"]
[Round "6"]
[White "Tharushi, THD Niklesha"]
[Black "Chuersakul, Sarocha"]
[Result "1-0"]
[WhiteElo "1539"]
[BlackElo "1820"]
[PlyCount "65"]
[EventDate "2024.02.06"]
[EventType "swiss (blitz)"]
[EventRounds "11"]
[EventCountry "USA"]
[SourceTitle "CB07_2024"]
[SourceDate "2024.02.14"]
[SourceVersion "1"]
[SourceVersionDate "2024.02.14"]
[SourceQuality "1"]

1. e4 g6 2. d3 Bg7 3. c3 c6 4. Nf3 d5 5. Qc2 dxe4 6. dxe4 e5 7. Bc4 Qc7 8. 0-0 Nf6 9. h3 0-0 10. Be3 Qe7 11. b4 b5 12. Bc5 Qe8 13. Bxf8 Bxf8 14. Bb3 Be6 15. Nbd2 Nbd7 16. Rad1 a5 17. a3 c5 18. Bxe6 Qxe6 19. Rb1 Qc6 20. Rfe1 cxb4 21. axb4 axb4 22. c4 Rc8 23. Rbc1 Bd6 24. Qb1 Qb7 25. cxb5 Rxc1 26. Rxc1 Qxb5 27. Nc4 Bc7 28. Ne3 Bb6 29. Rc8+ Kg7 30. Rb8 Qc6 31. Qxb4 Bxe3 32. fxe3 Qc1+ 33. Qe1 1-0

[Event "Titled Tuesday intern op 06th Feb Early"]
[Site "Chess.com INT"]
[Date "2024.02.06"]
[Round "5"]
[White "Tharushi, THD Niklesha"]
[Black "Guerrero Olmos, Sergio"]
[Result "0-1"]
[WhiteElo "1539"]
[BlackElo "2374"]
[PlyCount "90"]
[EventDate "2024.02.06"]
[EventType "swiss (blitz)"]
[EventRounds "11"]
[EventCountry "USA"]
[SourceTitle "CB07_2024"]
[SourceDate "2024.02.14"]
[SourceVersion "1"]
[SourceVersionDate "2024.02.14"]
[SourceQuality "1"]

1. e4 e5 2. Nf3 Nc6 3. Bc4 Nf6 4. d3 Bc5 5. c3 d6 6. Nbd2 a6 7. Bb3 h6 8. h3 Qe7 9. Nf1 Ba7 10. Ng3 g6 11. Bc2 Bd7 12. d4 0-0-0 13. d5 Nb8 14. Qe2 Nh5 15. Nxh5 gxh5 16. Be3 Bxe3 17. Qxe3 Rdg8 18. g3 f5 19. 0-0-0 Rf8 20. Nh4 f4 21. Qd2 Rhg8 22. Rdg1 Qg5 23. Nf3 Qf6 24. gxf4 Rxg1+ 25. Rxg1 Bxh3 26. f5 Bg4 27. Nh2 Nd7 28. f3 Bh3 29. Qf2 h4 30. Rg6 Qe7 31. Qg1 b6 32. Bd3 Nc5 33. Be2 Kb7 34. b4 Nd7 35. Rg7 Rf7 36. Rxf7 Qxf7 37. Bd3 Qf6 38. Be2 Qg5+ 39. Qxg5 hxg5 40. Kd1 b5 41. Ke1 c5 42. Kf2 Kb6 43. Kg1 a5 44. a3 Nf6 45. Bd3 Nh5 0-1

[Event "Titled Tuesday intern op 16th Jan Early"]
[Site "Chess.com INT"]
[Date "2024.01.16"]
[Round "6"]
[White "Bowden, Karl"]
[Black "Tharushi, THD Niklesha"]
[Result "1-0"]
[WhiteElo "2348"]
[BlackElo "1539"]
[PlyCount "121"]
[EventDate "2024.01.16"]
[EventType "swiss (blitz)"]
[EventRounds "11"]
[EventCountry "USA"]
[SourceTitle "CB04_2024"]
[SourceDate "2023.10.16"]
[SourceVersion "1"]
[SourceVersionDate "2023.10.16"]
[SourceQuality "1"]

1. e4 c5 2. c3 d5 3. exd5 Qxd5 4. d4 Nf6 5. Nf3 e6 6. Bd3 Nc6 7. 0-0 cxd4 8. cxd4 a6 9. Nc3 Qd6 10. Qe2 Nb4 11. Bb1 Nbd5 12. Ne5 b5 13. Nxd5 Nxd5 14. a4 bxa4 15. Rxa4 Bb7 16. Bd3 Nb6 17. Bxa6 Rxa6 18. Rxa6 Qd5 19. Nf3 Nc4 20. Ra7 Bd6 21. b4 Nb6 22. Bd2 0-0 23. Rc1 Bb8 24. Raa1 Qh5 25. h3 Nd5 26. Ra5 Qg6 27. g3 Nf4 28. Bxf4 Bxf4 29. Ne5 Qh6 30. gxf4 Qxh3 31. d5 Bxd5 32. Rxd5 exd5 33. Qf3 Qe6 34. Rd1 Rd8 35. b5 d4 36. Nc6 Rc8 37. Rxd4 Qg6+ 38. Qg3 Qb1+ 39. Kg2 Qxb5 40. Ne7+ Kf8 41. Nxc8 Qb7+ 42. Qf3 Qxc8 43. Qe3 Qg4+ 44. Qg3 Qe6 45. Rd8+ Ke7 46. Rd1 Qc6+ 47. Qf3 Qg6+ 48. Kf1 Qa6+ 49. Qe2+ Qe6 50. Qxe6+ Kxe6 51. Ke2 Kf5 52. Kf3 f6 53. Rd5+ Kg6 54. Rd7 h5 55. f5+ Kh6 56. Kf4 h4 57. Kg4 h3 58. Kxh3 Kg5 59. Rxg7+ Kxf5 60. Kg3 Ke5 61. Kf3 1-0

[Event "Titled Tuesday intern op 16th Jan Early"]
[Site "Chess.com INT"]
[Date "2024.01.16"]
[Round "9"]
[White "Tharushi, THD Niklesha"]
[Black "Bambino Filho, Antonio Carlos"]
[Result "0-1"]
[WhiteElo "1539"]
[BlackElo "2166"]
[PlyCount "106"]
[EventDate "2024.01.16"]
[EventType "swiss (blitz)"]
[EventRounds "11"]
[EventCountry "USA"]
[SourceTitle "CB04_2024"]
[SourceDate "2023.10.16"]
[SourceVersion "1"]
[SourceVersionDate "2023.10.16"]
[SourceQuality "1"]

1. e4 e5 2. Nf3 Nc6 3. Bc4 Nf6 4. d3 Bc5 5. c3 h6 6. h3 d6 7. Bb3 0-0 8. Bc2 d5 9. Qe2 a5 10. Nbd2 a4 11. 0-0 Re8 12. Rd1 d4 13. Nf1 a3 14. Ng3 axb2 15. Bxb2 dxc3 16. Bxc3 Nd4 17. Bxd4 Bxd4 18. Nxd4 Qxd4 19. Qf3 Be6 20. Nf5 Bxf5 21. Qxf5 Qd7 22. Qxd7 Nxd7 23. d4 exd4 24. Rxd4 Nc5 25. a4 Ra5 26. Rad1 g6 27. Rd8 Rxd8 28. Rxd8+ Kg7 29. Rd4 Kf6 30. f4 Ke7 31. e5 Ne6 32. Rb4 b6 33. g4 g5 34. f5 Nf4 35. Re4 Nxh3+ 36. Kh2 Nf4 37. Bb3 Rc5 38. f6+ Ke8 39. e6 fxe6 40. Bxe6 Nxe6 41. Rxe6+ Kf7 42. Re4 Kxf6 43. Kg3 Rc3+ 44. Kf2 c6 45. Ke2 b5 46. axb5 cxb5 47. Kd2 Rc4 48. Re8 Rxg4 49. Rb8 b4 50. Kc2 Kg6 51. Kb3 Kh5 52. Rb5 Kh4 53. Rb6 h5 0-1

[Event "Titled Tuesday intern op 16th Jan Early"]
[Site "Chess.com INT"]
[Date "2024.01.16"]
[Round "4"]
[White "Tharushi, THD Niklesha"]
[Black "Yurasova, Daria"]
[Result "0-1"]
[WhiteElo "1539"]
[BlackElo "2005"]
[PlyCount "144"]
[EventDate "2024.01.16"]
[EventType "swiss (blitz)"]
[EventRounds "11"]
[EventCountry "USA"]
[SourceTitle "CB04_2024"]
[SourceDate "2023.10.16"]
[SourceVersion "1"]
[SourceVersionDate "2023.10.16"]
[SourceQuality "1"]

1. e4 e5 2. Nf3 Nc6 3. Bc4 Bc5 4. c3 Nf6 5. d3 d6 6. 0-0 a6 7. Bb3 h6 8. h3 Ba7 9. Nbd2 g5 10. g4 Nxg4 11. hxg4 Bxg4 12. Re1 Qf6 13. Kg2 h5 14. Nf1 h4 15. N1h2 Bh5 16. Bxg5 Qg6 17. Rg1 f6 18. Kh1 fxg5 19. Rxg5 Qxg5 20. Nxg5 Bxd1 21. Rxd1 Na5 22. Be6 Ke7 23. d4 exd4 24. cxd4 Raf8 25. Bf5 Nc6 26. Ne6 Rf6 27. Nxc7 Bxd4 28. Nd5+ Kf7 29. Nxf6 Kxf6 30. Ng4+ Ke7 31. f4 b5 32. Rd2 Rf8 33. Kh2 Bc5 34. Kh3 Nd4 35. Kxh4 Nf3+ 36. Kh5 Nxd2 37. Kg6 Rg8+ 38. Kh7 Rxg4 39. Bxg4 Nxe4 40. Bf5 Nf6+ 41. Kg6 Bd4 42. b3 Be3 43. Kg5 Nd5 44. Be4 Nxf4 45. Kf5 Ne6 46. Bd5 Nc5 47. a3 Bc1 48. a4 bxa4 49. bxa4 Nxa4 50. Bc6 Nc5 51. Bd5 a5 52. Ba2 a4 53. Kg4 a3 54. Kf3 Bb2 55. Ke2 Na4 56. Kd3 Nc3 57. Bc4 a2 58. Bxa2 Nxa2 59. Kc2 Be5 60. Kb3 Nc3 61. Kc4 Ke6 62. Kd3 d5 63. Kd2 Kd6 64. Ke3 Kc5 65. Kd3 d4 66. Kc2 Kc4 67. Kc1 Bf4+ 68. Kc2 d3+ 69. Kb2 d2 70. Ka3 d1Q 71. Kb2 Qb3+ 72. Ka1 Qb1# 0-1

[Event "Titled Tuesday intern op 09th Jan Early"]
[Site "Chess.com INT"]
[Date "2024.01.09"]
[Round "5"]
[White "Jovic, Stanoje"]
[Black "Tharushi, THD Niklesha"]
[Result "1-0"]
[WhiteElo "2097"]
[BlackElo "1539"]
[PlyCount "163"]
[EventDate "2024.01.09"]
[EventType "swiss (blitz)"]
[EventRounds "11"]
[EventCountry "USA"]
[SourceTitle "CB03_2024"]
[SourceDate "2024.01.17"]
[SourceVersion "1"]
[SourceVersionDate "2024.01.17"]
[SourceQuality "1"]

1. c4 c5 2. g3 Nf6 3. Bg2 Nc6 4. Nc3 g6 5. Nf3 Bg7 6. 0-0 0-0 7. d4 cxd4 8. Nxd4 Nxd4 9. Qxd4 d6 10. Bg5 h6 11. Bxf6 Bxf6 12. Qe3 Bg7 13. Rfd1 Bd7 14. Bxb7 Rb8 15. Bg2 Rxb2 16. Rac1 Be6 17. c5 Qa5 18. c6 Rc8 19. Nd5 Kf8 20. a3 Rb5 21. Nf4 Re5 22. Nxe6+ Rxe6 23. Qd3 Re5 24. Bh3 f5 25. g4 fxg4 26. Bxg4 Rg5 27. h3 h5 28. f4 hxg4 29. fxg5 Qxg5 30. Qg3 Bd4+ 31. Kh1 Qd5+ 32. Kh2 Qe5 33. hxg4 Qxg3+ 34. Kxg3 Bc5 35. e4 Rxc6 36. e5 Ra6 37. Rd3 Kg7 38. exd6 exd6 39. Kf3 Ra4 40. Ra1 a5 41. Ra2 Kf6 42. Kg3 g5 43. Rf3+ Kg6 44. Re2 Bxa3 45. Re6+ Kg7 46. Re7+ Kg6 47. Re6+ Kg7 48. Rf5 Bc1 49. Rb5 Bf4+ 50. Kf3 Ra3+ 51. Ke2 Ra2+ 52. Kd1 Rd2+ 53. Ke1 Rh2 54. Rb7+ Kf8 55. Rf6+ Ke8 56. Rg6 Rh1+ 57. Kf2 Rh2+ 58. Kg1 Kf8 59. Rf6+ Ke8 60. Rff7 Re2 61. Rh7 Kd8 62. Rh8+ Re8 63. Rb8+ Kd7 64. Rbxe8 Kc6 65. Re4 Kd5 66. Rhe8 Be5 67. Re1 Bd4+ 68. Kg2 a4 69. Rd1 a3 70. Ra8 Ke5 71. Rxa3 Bc5 72. Ra5 Kf4 73. Rxc5 dxc5 74. Kh3 Kf3 75. Rf1+ Ke2 76. Rf5 Kd3 77. Rxc5 Ke4 78. Rxg5 Kf4 79. Rf5+ Ke4 80. Kh4 Kd4 81. Kg5 Kc4 82. Kf6 1-0

[Event "Titled Tuesday intern op 09th Jan Early"]
[Site "Chess.com INT"]
[Date "2024.01.09"]
[Round "3"]
[White "Tharushi, THD Niklesha"]
[Black "Hungaski, Robert Andrew"]
[Result "0-1"]
[WhiteElo "1539"]
[BlackElo "2471"]
[PlyCount "118"]
[EventDate "2024.01.09"]
[EventType "swiss (blitz)"]
[EventRounds "11"]
[EventCountry "USA"]
[SourceTitle "CB03_2024"]
[SourceDate "2024.01.17"]
[SourceVersion "1"]
[SourceVersionDate "2024.01.17"]
[SourceQuality "1"]

1. e4 e5 2. Nf3 Nc6 3. Bc4 Bc5 4. c3 d6 5. d4 exd4 6. cxd4 Bb6 7. Nc3 Nf6 8. Be3 0-0 9. 0-0 Bg4 10. Be2 Re8 11. h3 Bh5 12. Qd3 Bg6 13. Nd2 d5 14. Bf3 dxe4 15. Ndxe4 Nxe4 16. Bxe4 Nxd4 17. Bxd4 Qxd4 18. Bxg6 hxg6 19. Qf3 c6 20. Rad1 Qf6 21. Qxf6 gxf6 22. Rd7 Rab8 23. Rfd1 Kf8 24. R1d6 Re1+ 25. Kh2 Kg7 26. f3 f5 27. Rd2 Bc5 28. g3 b5 29. Ne2 Re8 30. Nf4 Be3 31. Rc2 Bxf4 32. gxf4 R8e2+ 33. Rxe2 Rxe2+ 34. Kg3 Rxb2 35. Rxa7 c5 36. Rc7 Rc2 37. Rb7 b4 38. Rb5 Kf6 39. h4 Ke6 40. h5 gxh5 41. Kh4 Kd5 42. Kxh5 Rxa2 43. Kg5 Ra7 44. Kxf5 Kc4 45. Rb8 b3 46. Kf6 Kc3 47. Rb5 c4 48. Ke5 b2 49. Kd5 Kc2 50. Kxc4 b1Q 51. Rxb1 Kxb1 52. Kd5 Re7 53. f5 Kc2 54. Kd6 Re3 55. f4 Kd2 56. f6 Ke2 57. f5 Kf3 58. Kd7 Kf4 59. Kd6 Kxf5 0-1

[Event "Titled Tuesday intern op 09th Jan Early"]
[Site "Chess.com INT"]
[Date "2024.01.09"]
[Round "7"]
[White "Tharushi, THD Niklesha"]
[Black "Poddubnyi, Viktor"]
[Result "0-1"]
[WhiteElo "1539"]
[BlackElo "2304"]
[PlyCount "90"]
[EventDate "2024.01.09"]
[EventType "swiss (blitz)"]
[EventRounds "11"]
[EventCountry "USA"]
[SourceTitle "CB03_2024"]
[SourceDate "2024.01.17"]
[SourceVersion "1"]
[SourceVersionDate "2024.01.17"]
[SourceQuality "1"]

1. d4 g6 2. g3 Bg7 3. Bg2 Nf6 4. c3 0-0 5. Nf3 d6 6. 0-0 Nc6 7. Nbd2 e5 8. e4 Bg4 9. h3 Bxf3 10. Nxf3 Nxe4 11. Nxe5 dxe5 12. Bxe4 exd4 13. Qf3 dxc3 14. bxc3 Ne5 15. Qg2 c6 16. Ba3 Re8 17. Rad1 Qb6 18. Rb1 Qa6 19. Rb3 Nc4 20. Bc1 Nd6 21. Bb1 Nb5 22. Bb2 Re7 23. Bc2 Rae8 24. a4 Qxa4 25. Ra1 Re1+ 26. Rxe1 Rxe1+ 27. Kh2 Re2 28. Bd1 Rd2 29. Qf3 Qa2 30. Qe3 Rxb2 31. Qe8+ Bf8 32. Rxb2 Qxb2 33. Kg2 Qxc3 34. Bg4 Qd4 35. Bc8 Nd6 36. Qd8 Qe4+ 37. Kg1 Nxc8 38. Qxc8 b5 39. Qa6 b4 40. Qxa7 b3 41. Qb6 Qc2 42. Kg2 b2 43. h4 b1Q 44. Qd8 Qe4+ 45. Kh3 Qbh1# 0-1

[Event "Western Asia-ch U20 Girls"]
[Site "Colombo"]
[Date "2023.12.01"]
[Round "4"]
[White "Bhagyashree, Patil"]
[Black "Tharushi, THD Niklesha"]
[Result "1-0"]
[WhiteElo "1830"]
[BlackElo "1552"]
[PlyCount "63"]
[EventDate "2023.11.30"]
[EventType "swiss"]
[EventRounds "9"]
[EventCountry "SRI"]
[SourceTitle "CB50_2023"]
[SourceDate "2023.12.13"]
[SourceVersion "1"]
[SourceVersionDate "2023.12.13"]
[SourceQuality "1"]

1. d4 Nf6 2. Nf3 e6 3. e3 b6 4. c4 Bb7 5. Nc3 Bb4 6. Bd3 0-0 7. 0-0 c5 8. a3 Bxc3 9. bxc3 d5 10. cxd5 exd5 11. c4 Qc7 12. dxc5 dxc4 13. Bxc4 Qxc5 14. Qd4 Rc8 15. Be2 Qe7 16. Rd1 Nc6 17. Qh4 Ne5 18. Bb2 Bxf3 19. Bxf3 Nxf3+ 20. gxf3 Rc6 21. Kh1 Qe6 22. Rg1 Qf5 23. Rg3 Nh5 24. Rh3 Rh6 25. Rg1 f6 26. e4 Qd7 27. Bxf6 Rxf6 28. Qxh5 g6 29. Rhg3 Qf7 30. f4 Rxf4 31. Rxg6+ Kh8 32. Qe5+ 1-0